000 00712nam a2200229 a 4500
001 BRCA_6804
005 20190320205611.0
008 031111s1913----nyua######---#000-0#eng-#
041 _aeng
044 _anyu
050 4 _aPZ3
_b.T83 1913
100 1 _aTwain, Mark
_d1835-1910
_q(Samuel L. Clemens)
_914927
245 1 0 _aRoughing it
_cby Mark Twain.
260 _aNueva York
_bHarper & Brothers
_cc1913
300 _a2 v.
_bil.
_c19 cm.
500 _aEdición con canto de cabeza dorado
500 _aEstado físico: perdida de lomo de la parte superior y lomo roto de la parte inferior en ambos volúmenes
500 _aN18
650 1 4 _aLiteratura estadounidense
_916972
902 _aGFM
942 _2lcc
_cB
999 _c6487
_d6487